| 000 | 00555nam a22001817a 4500 | ||
|---|---|---|---|
| 999 |
_c162884 _d162884 |
||
| 005 | 20190323124403.0 | ||
| 010 | _aA-759834 | ||
| 020 | _c165.00 | ||
| 035 | _aA-759834 | ||
| 100 | _aIyer,tskv | ||
| 245 |
_aCircuit Analysis:Theory and problems in / _cTSKV,Iyer |
||
| 260 |
_aNew Delhi _bTata McGraw-hill Publishing Company Limited |
||
| 270 |
_a4835/24, ansari Road, Daryaganj _bDelhi _e110002 |
||
| 300 |
_a672p. _bill _c23cm.(Hb.) |
||
| 490 | _aTMH Outline Series | ||
| 942 |
_2ddc _cEN _h621.3192 _mIYE |
||